| 000 | 00936nam0a2200265 4500 | ||
|---|---|---|---|
| 001 | RU\NLR\BIBL_A\010002337 | ||
| 005 | 20240726091452.0 | ||
| 010 | _a9785386039196 | ||
| 021 |
_aRU _b2013-76384 _95258 |
||
| 035 | _a(NLR Aleph) 010002337 | ||
| 090 |
_a9802888 _c9802888 |
||
| 100 | _a20131108d2013 |||y0rusy50 ca | ||
| 101 | 0 | _arus | |
| 102 | _aRU | ||
| 105 | _ay zzzz000|y | ||
| 200 | 1 |
_aВаш домашний астролог. Сверхточные гороскопы для всей семьи _fХворостухина С. А. |
|
| 210 |
_aМосква _cРИПОЛ классик _d2013 _eАрхангельск _gПравда Севера |
||
| 215 | _a573 с. | ||
| 675 | _a133.52 | ||
| 700 | 1 |
_aХворостухина _bС. А. _gСветлана Александровна |
|
| 801 | 0 |
_aRU _bRuMoRKP _c20130919 _gRCR |
|
| 801 | 2 |
_aRU _bРГБ _c20130926 |
|
| 801 | 1 |
_aRU _bRuMoRKP _c20130919 _2rusmarc |
|
| 942 | _cBOOK | ||
| 980 | _aNBR | ||